00397nam a2200157Ia 4500008004100000020002200041041000800063082001700071100001900088245002600107250001100133260005200144300001000196500001800206650001500224260520s2025 xx 000 0 und d a978-93-5464-407-8 aeng a658.4012/BES aBesanko, David aEconomics of Strategy a7th ed aNew DelhibWiley India pvt Litd New delhic2025 a611p. aCat No: 14984 aMANAGEMENT